Chinesische kleinplastik / (Record no. 185778)
[ view plain ]
| 000 -LEADER | |
|---|---|
| campo de control de longitud fija | 00564nam a2200193 i 4500 |
| 001 - NÚMERO DE CONTROL | |
| campo de control | 185778 |
| 003 - IDENTIFICADOR DE NÚMERO DE CONTROL | |
| campo de control | ES-MaACL |
| 005 - FECHA Y HORA DE LA ÚLTIMA TRANSACCIÓN | |
| campo de control | 20230906222521.0 |
| 008 - DATOS DE LONGITUD FIJA--INFORMACIÓN GENERAL | |
| campo de control de longitud fija | 160808q1922 gw |||| | ger d |
| 100 1# - ENTRADA PRINCIPAL--NOMBRE DE PERSONA | |
| Nombre de persona | Burchard, Otto. |
| 9 (RLIN) | 160382 |
| 245 10 - MENCIÓN DEL TÍTULO | |
| Título | Chinesische kleinplastik / |
| Mención de responsabilidad, etc. | Otto Burchard. |
| 260 ## - PUBLICACIÓN, DISTRIBUCIÓN, ETC. | |
| Lugar de publicación, distribución, etc. | Berlin : |
| Nombre del editor, distribuidor, etc. | E. Wasmuth A. G., |
| Fecha de publicación, distribución, etc. | [1922?] |
| 300 ## - DESCRIPCIÓN FÍSICA | |
| Extensión | 10 p., 48 p. de lám. ; |
| Dimensiones | 26 cm. |
| 490 1# - MENCIÓN DE SERIE | |
| Mención de serie | Orbis pictus ; |
| Designación de volumen o secuencia | 12 |
| 650 #4 - PUNTO DE ACCESO ADICIONAL DE MATERIA--TÉRMINO DE MATERIA | |
| Término de materia o nombre geográfico como elemento de entrada | Porcelana china. |
| 9 (RLIN) | 153662 |
| 830 0# - PUNTO DE ACCESO ADICIONAL DE SERIE-TÍTULO UNIFORME | |
| Título uniforme | Orbis pictus ; |
| Designación de volumen o secuencia | 12 |
| 9 (RLIN) | 192388 |
| 852 ## - LOCALIZACIÓN | |
| Ubicación | ES-MaACL |
| Número de control de estantería | G-13366 |
| Estatus retirado | Estado de pérdida | Estado de daño | No para préstamo | Biblioteca de origen | Biblioteca actual | Ubicación en estantería | Fecha de adquisición | Fuente de adquisición | Total de préstamos | Signatura topográfica completa | Código de barras | Visto por última vez | Precio de reemplazo | Tipo de ítem Koha |
|---|---|---|---|---|---|---|---|---|---|---|---|---|---|---|
| Biblioteca del Ateneo de Madrid | Biblioteca del Ateneo de Madrid | Sala Pecera Planta 3 | 08/08/2016 | G-13366 | 1195832 | 23/02/2023 | 23/02/2023 | Libro impreso |
